000 00846nam a2200229 a 4500
001 000036765
005 20200930075925.0
008 120131s1987 ag ac 000 0 spa d
020 _a9501266591
040 _aDO-SdBNP
_bspa
_cBNPHU
082 _axxxx
_bF982
100 1 _aFunk, Rainer
_963096
240 1 0 _aErich Fromm. mit selbstzeugnissen und bilddo-kumenten dargestellt
_lEspañol
245 1 0 _aFromm vida y obra. /
_cRainer Funk; traducción castellana de Juana Deustscher y Vilko Gal.
260 _aBuenos Aires :
_bPaídos,
_c1987.
300 _a206 p. :
_bil., retrs.
490 1 _aPaidos studio
_v59
500 _aTraducida del alemán
500 _aCon testimonios personales de Erich Fromm y documentación gráfica reunidos por el autor
504 _aCronología y bibliografía : p.197-206
830 0 _aPaidos studio
_v59
_949141
999 _c36256
_d36256